| 000 | 00492nam a2200181Ia 4500 | ||
|---|---|---|---|
| 003 | GCL | ||
| 008 | 140319s9999 xx 000 0 eng d | ||
| 040 |
_aGCL / _cGCL |
||
| 082 | 0 | 4 |
_aCC _b930.132 _bE I |
| 100 | 1 | _aENGELBACH, R. | |
| 245 | 1 | 0 |
_aINTRODUCTION TO EGYPTIAN ARCHAEOLOGY / _cENGELBACH, R. |
| 260 |
_a[S.N] : _bORGANIZATION OF EGYPTIAN ANTIQUITIES ، _c1988 |
||
| 300 | _a438 | ||
| 650 | 0 | 4 | _aANCIENT EGYPT |
| 650 | 0 | 4 | _aARCHAEOLOGY |
| 650 | 0 | 4 | _aEGYPT, MUSEUMS |
| 942 |
_2ddc _cBK |
||
| 999 |
_c16906 _d16906 |
||